| 000 -ლიდერი |
| ფიქსირებული სიგრძის საკონტროლო ველი |
01479nam a2200253Ia 4500 |
| 001 - საკონტროლო ნომერი |
| საკონტროლო ველი |
23038 |
| 003 - საკონტროლო ნომრის იდენტიფიკატორი |
| საკონტროლო ველი |
GE_BSU |
| 005 - ბოლო ოპერაციის თარიღი და დრო |
| საკონტროლო ველი |
20211227131609.0 |
| 008 - ფიქსირებული სიგრძის მონაცემთა ელემენტები - ზოგადი ინფორმაცია |
| ფიქსირებული სიგრძის საკონტროლო ველი |
181216s1988ge xx |||||||||||||| ||geo|| |
| 040 ## - კატალოგიზაციის წყარო |
| Transcribing agency |
GE_BSU |
| 041 ## - ენის კოდი |
| Language code of text/sound track or separate title |
geo |
| 080 ## - უნივერსალური ათობითი კლასიფიკაციის ინდექსი |
| Universal Decimal Classification number |
821(4-15).09 დ-23 |
| 245 ## - ცნობა სათაურის შესახებ |
| Title |
დასავლეთ ევროპის ლიტერატურა (XX საუკუნე) : |
| Remainder of title |
ლიტერატურის ისტორია, პოეტიკა, ურთიერთობანი / |
| Statement of responsibility, etc |
წინასიტყვ. ავტ.: ნ. კაკაბაძე ; რედ: ნ. ორლოვსკაია, ა. კაკაბაძე. |
| 264 ## - წარმოების, გამოცემის, დისტრიბუციის და სხვა ცნობები |
| გამოცემის, წარმოების, დისტრიბუციის... ადგილი |
თბილისი : |
| გამოცემის, წარმოების, დისტრიბუციის... სახელწოდება |
თბილ. უნ-ტის გამ-ბა, |
| გამოცემის, წარმოების, დისტრიბუციის... თარიღი |
1988. |
| 300 ## - ფიზიკური აღწერა |
| Extent |
361 გვ . : |
| Other physical details |
3 ფ. ილ. ; |
| Dimensions |
21 სმ. |
| 500 ## - ზოგადი შენიშვნა |
| General note |
საძიებელი: გვ. 356-361. |
| 504 ## - BIBLIOGRAPHY, ETC. NOTE |
| Bibliography, etc |
ბიბლ.: გვ. 355 (8 სხწ). |
| 653 ## - INDEX TERM--UNCONTROLLED |
| Uncontrolled term |
დასავლეთ ევროპის ლიტერატურა (XX საუკუნე) |
| 653 ## - INDEX TERM--UNCONTROLLED |
| Uncontrolled term |
ლიტერატურის ისტორია, პოეტიკა, ურთიერთობანი |
| 700 ## - ADDED ENTRY--PERSONAL NAME |
| Personal name |
კაკაბაძე, ნ |
| Relator term |
წინასიტყვ. ავტორი |
| 9 (RLIN) |
13359 |
| 700 ## - ADDED ENTRY--PERSONAL NAME |
| Personal name |
ორლოვსკაია, ნ |
| Relator term |
რედაქტორი |
| 9 (RLIN) |
1244 |
| 700 ## - ADDED ENTRY--PERSONAL NAME |
| Personal name |
კაკაბაძე, ა |
| Relator term |
რედაქტორი |
| 9 (RLIN) |
13360 |
| 942 ## - ADDED ENTRY ELEMENTS (KOHA) |
| Koha item type |
წიგნი |
| Source of classification or shelving scheme |
|